Las cuerdas de la lira (Record no. 88248)

MARC details
000 -LEADER
campo de control de longitud fija 00624nam a2200193 i 4500
001 - NÚMERO DE CONTROL
campo de control 88248
003 - IDENTIFICADOR DE NÚMERO DE CONTROL
campo de control ES-MaACL
005 - FECHA Y HORA DE LA ÚLTIMA TRANSACCIÓN
campo de control 20230906175826.0
007 - CAMPO FIJO DE DESCRIPCIÓN FÍSICA--INFORMACIÓN GENERAL
campo de control de longitud fija t|
008 - DATOS DE LONGITUD FIJA--INFORMACIÓN GENERAL
campo de control de longitud fija 050103s1955 sp ||||1| spa d
100 1# - ENTRADA PRINCIPAL--NOMBRE DE PERSONA
Nombre de persona Laín Entralgo, Pedro,
Fechas asociadas al nombre 1908-2001
9 (RLIN) 69681
245 14 - MENCIÓN DEL TÍTULO
Título Las cuerdas de la lira
Resto del título : reflexiones sobre la diversidad de España /
Mención de responsabilidad, etc. Pedro Laín Entralgo.
260 ## - PUBLICACIÓN, DISTRIBUCIÓN, ETC.
Lugar de publicación, distribución, etc. Madrid :
Nombre del editor, distribuidor, etc. [s.n.,
Fecha de publicación, distribución, etc. 1955]
300 ## - DESCRIPCIÓN FÍSICA
Extensión 45 p., 1 lám. ;
Dimensiones 16 cm.
490 1# - MENCIÓN DE SERIE
Mención de serie Cuadernos de tiempo nuevo ;
Designación de volumen o secuencia 1
830 0# - PUNTO DE ACCESO ADICIONAL DE SERIE-TÍTULO UNIFORME
Título uniforme Cuadernos de tiempo nuevo ;
Designación de volumen o secuencia 1
9 (RLIN) 226730
852 ## - LOCALIZACIÓN
Ubicación ES-MaACL
Número de control de estantería 1987-F-2
Sublocalización o colección R.40594
Holdings
Estatus retirado Estado de pérdida Estado de daño No para préstamo Colección Biblioteca de origen Biblioteca actual Ubicación en estantería Fecha de adquisición Fuente de adquisición Total de préstamos Signatura topográfica completa Código de barras Visto por última vez Precio de reemplazo Tipo de ítem Koha
        Colección de folletos Biblioteca del Ateneo de Madrid Biblioteca del Ateneo de Madrid Depósito folletos 17/01/2008     1987-F-2 1092184 23/02/2023 23/02/2023 Folleto